00355nam a2200145Ia 4500008004100000020001800041041000800059082001500067100001600082245003300098260002600131300000800157365001600165700002800181230718s9999 xx 000 0 und d a9789381075357 aeng a621.1bISR aIsrani A.R. aBasic Mechanical Engineering c2011bBS Publications a652 cRs.b325.00 aIsrani A.R. & Shah P.K.